00470nam a2200157Ia 4500008004100000100002000041245009900061260001200160260001100172260000900183300000700192650001000199942000900209999001500218952007900233160117s9999 xx 000 0 und d aSelvaraj,Princy aInvestigation of Selected Sri Lankan Fungi for the Presence of Biologically Active Metabolites aColombo bIchemc c2009 a53 aFungi cbook c2994d2994 0010708NFICaICbICcGENd2016-01-17l0pD0050r2016-01-17 00:00:00yDIS